Entry Personal Name
Number of records used in: 1
001 - CONTROL NUMBER
003 - CONTROL NUMBER IDENTIFIER
005 - DATE AND TIME OF LATEST TRANSACTION
- control field:
20231028142045.0
008 - FIXED-LENGTH DATA ELEMENTS
- fixed length control field:
800522n| azannaabn |b aaa
010 ## - LIBRARY OF CONGRESS CONTROL NUMBER
- LC control number:
n 80032174
035 ## - SYSTEM CONTROL NUMBER
- System control number:
(OCoLC)oca00414377
040 ## - CATALOGING SOURCE
- Original cataloging agency:
DLC
- Language of cataloging:
eng
- Description conventions:
rda
- Transcribing agency:
DLC
- Modifying agency:
DLC
- Modifying agency:
ViU
- Modifying agency:
DLC
- Modifying agency:
TNJ
- Modifying agency:
OCoLC
- Modifying agency:
DLC
- Modifying agency:
OCoLC
- Modifying agency:
InU
- Modifying agency:
WU
- Modifying agency:
DLC
046 ## - SPECIAL CODED DATES
- Birth date:
1929-04-01
- Death date:
2023-07-11
- Source of date scheme:
edtf
053 #0 - LC CLASSIFICATION NUMBER
- Classification number element--single number or beginning number of span:
PG5039.21.U6
- Explanatory term:
Czech
053 #0 - LC CLASSIFICATION NUMBER
- Classification number element--single number or beginning number of span:
PQ2671.U47
- Explanatory term:
French
100 1# - HEADING--PERSONAL NAME
- Personal name:
Kundera, Milan
370 ## - ASSOCIATED PLACE
- Place of birth:
Brno (Czech Republic)
- Place of death:
Paris (France)
- Source of term:
naf
374 ## - OCCUPATION
- Occupation:
Authors
- Source of term:
lcsh
400 1# - SEE FROM TRACING--PERSONAL NAME
- Personal name:
Kountera, Milan
400 1# - SEE FROM TRACING--PERSONAL NAME
- Personal name:
Кундера, Милан
400 1# - SEE FROM TRACING--PERSONAL NAME
- Personal name:
קונדרה, מילן
400 1# - SEE FROM TRACING--PERSONAL NAME
- Personal name:
كوندرا، ميلان
670 ## - SOURCE DATA FOUND
- Source citation:
Umění románu, 1961.
670 ## - SOURCE DATA FOUND
- Source citation:
The farewell party, 1998:
- Information found:
CIP t.p. (Milan Kundera) data sheet (b. Apr. 1, 1923)
670 ## - SOURCE DATA FOUND
- Source citation:
To asteio, 1993:
- Information found:
t.p. (Milan Kountera)
670 ## - SOURCE DATA FOUND
- Source citation:
Biog. resource center (Contemp. authors), Jan. 25, 2007
- Information found:
(Milan Kundera; b. Apr. 1, 1929, Brno, Czechoslovakia; immigrated to France, 1975; naturalized French citizen, 1981; writer; École des Hautes Etudes, Paris, France, professor, 1980-)
670 ## - SOURCE DATA FOUND
- Source citation:
BnF Web OPAC, Jan. 25, 2007
- Information found:
(Kundera, Milan (1929-....); b. Apr. 1, 1929, Brno; écrit aussi en allemand et en français; romancier)
670 ## - SOURCE DATA FOUND
- Source citation:
Washington Post WWW site, July 12, 2023
- Information found:
(Milan Kundera; d. July 11, 2023, Paris)
- Uniform Resource Identifier:
https://www.washingtonpost.com/obituaries/2023/07/12/milan-kundera-unbearable-ligtness-author-dead/